The Examination of the Consequences of the Service Value in the Cultural Services

Vplyv hodnoty kultúrnych služieb na dôveru a angažovanosť poskytovateľov služieb. Význam vnímanej hodnoty a vzťah medzi vnímanou hodnotou a dôverou. Odporúčania pre subjekty v sektore kultúry.

Salvato in:
Dettagli Bibliografici
Autore principale: Ercsey, Ida
Altri autori: Józsa, László
Natura: Capitolo di libro
Lingua:inglese
Soggetti:
Tags: Aggiungi Tag
Nessun Tag, puoi essere il primo ad aggiungerne!!

MARC

LEADER 00000naa a2200000 4500
001 0283856
005 20240417075206.3
041 0 |a eng 
044 |a SK 
245 1 0 |a The Examination of the Consequences of the Service Value in the Cultural Services  |c Ida Ercsey, László Józsa 
520 |a Vplyv hodnoty kultúrnych služieb na dôveru a angažovanosť poskytovateľov služieb. Význam vnímanej hodnoty a vzťah medzi vnímanou hodnotou a dôverou. Odporúčania pre subjekty v sektore kultúry. 
610 2 0 |a služby 
610 2 0 |a správanie spotrebiteľa 
610 2 0 |a dôvera 
100 1 |a Ercsey, Ida 
700 1 |a Józsa, László